Statistics for Countries with space travelers

Click here to take the quiz!

General Stats

  • This quiz has been taken 25 times
  • The average score is 33 of 41

Answer Stats

DateAnswer% Correct
05/18/1991United Kingdom
100%
05/05/1961United States of America
100%
03/30/2006Brazil
96%
10/15/2003China
96%
06/24/1982France
96%
07/31/1992Italy
96%
12/02/1990Japan
96%
11/26/1985Mexico
96%
03/17/1992Russia
96%
04/08/2008South Korea
96%
10/29/1998Spain
96%
12/10/2006Sweden
96%
10/05/1984Canada
91%
04/03/1984India
91%
09/19/2006Iran
87%
06/27/1978Poland
87%
06/17/1985Saudi Arabia
87%
07/31/1992Switzerland
87%
11/19/1997Ukraine
87%
03/24/1992Belgium
83%
07/10/1979Bulgaria
83%
09/02/2015Denmark
83%
09/02/2015Kazakhstan
83%
05/14/1981Romania
83%
10/02/1991Austria
78%
05/26/1980Hungary
78%
10/30/1985Netherlands
78%
04/25/2002South Africa
78%
09/25/2019United Arab Emirates
78%
04/12/1961USSR
78%
07/23/1980Vietnam
74%
01/16/2003Israel
70%
09/18/1980Cuba
65%
03/02/1978Czechoslovakia
65%
10/10/2007Malaysia
65%
03/22/1980Mongolia
52%
08/26/1978East Germany
48%
07/22/1987Syria
48%
11/28/1983West Germany
48%
08/29/1988Afghanistan
43%
02/10/1999Slovakia
39%

Score Distribution

Percentile by Number Answered

Percent of People with Each Score

Your Score History

You have not taken this quiz